Plan Operativo Anual de Inversiones Públicas 1969

Proyectos de inversiones públicas durante 1969 en Costa Rica. Programa los 137 proyectos de inversión que realizará el ejecutivo y las instituciones autónomas durante este año en los sectores de: transporte, energía y telecomunicaciones, educación, salud y vivienda. Señala el monto y origen de los r...

Fuld beskrivelse

Guardado en:
Bibliografiske detaljer
Institution som forfatter: Costa Rica. Presidencia de la República. Oficina de Planificación Nacional. Departamento de Coordinación y Control
Format: Texto
Udgivet: San José: OFIPLAN
Fag:
Tags: Tilføj Tag
Ingen Tags, Vær først til at tagge denne postø!

MARC

LEADER 00000 a a2200000 04500
001 19826
003
040
090 |a 080100  
110 |a Costa Rica. Presidencia de la República. Oficina de Planificación Nacional. Departamento de Coordinación y Control  
245 |a Plan Operativo Anual de Inversiones Públicas 1969  
260 |a San José:   |b OFIPLAN  
300 |a 117 p.  
520 |a Proyectos de inversiones públicas durante 1969 en Costa Rica. Programa los 137 proyectos de inversión que realizará el ejecutivo y las instituciones autónomas durante este año en los sectores de: transporte, energía y telecomunicaciones, educación, salud y vivienda. Señala el monto y origen de los recursos internos y externos./ACM  
650 |a COSTA RICA  
650 |a SECTOR PUBLICO  
650 |a EDUCACION  
650 |a SALUD  
650 |a VIVIENDA  
650 |a INVERSIONES PUBLICAS  
999 |c 11146  |d 11146